| 000 | 00670nam a2200205 i 4500 | ||
|---|---|---|---|
| 001 | bg | ||
| 100 | 1 | _aCHOJNACKI, Jarosław | |
| 245 | 1 | 0 |
_aSelected topics in general and inorganic chemistry : _b(a textbook for chemistry 3. / _cJarosław Chojnacki, Anna Dołęga, Bogusław Dręczewski _n12). |
| 260 |
_aGdańsk : _bWydaw. Politechniki Gdańskiej, _c2001. |
||
| 300 |
_a83 s., [1] k. tabl. złoż. ; _c24 cm. |
||
| 650 | 9 |
_aChemia _xzagadnienia |
|
| 650 | 9 |
_aChemia nieorganiczna _xzagadnienia |
|
| 020 | _a8388007734 | ||
| 040 | _cBPK | ||
| 041 | 0 | _aen | |
| 080 | _a54:546 | ||
| 920 | _a83-88007-73-4 | ||
| 942 | _cKS | ||
| 008 | s pl f |000 0 pol | ||
| 999 |
_c40663 _d40663 |
||
| 856 |
_uhttp://koha.tu.koszalin.pl/cgi-bin/koha/opac-detail.pl?biblionumber=40663 _yKatalog online BPK |
||